Pokémon - Les attaques de Polthégeist - Statistiques

Statistiques générales
  • Ce quiz a été pris 15 fois
  • Le résultat moyen est 8 sur 15
Statistiques - réponses
Niveaux Types Noms des attaques % Correct
Niveau 48 Spectre Ball'Ombre
100%
Niveau 24 Ténèbres Coup Bas
80%
Niveau 30 Plante Aromathérapie
70%
Départ Spectre Étonnement
70%
Niveau 36 Plante Giga-Sangsue
70%
Départ Plante Méga-Sangsue
70%
Niveau 60 Normal Exuviation
60%
Niveau 66 Spectre Malédiction
60%
Départ Évolution Normal Thérémonie
50%
Niveau 18 Normal Abri
40%
Départ Eau Repli
40%
Départ Plante Vole-Force
40%
Départ Fée Brume Capiteuse
30%
Niveau 42 Ténèbres Machination
30%
Niveau 54 Ténèbres Souvenir
20%
Aucun quiz correspondant
Distribution des résultats
% des personnes avec chaque résultat
Percentile par nombre de réponses
Votre historique - résultats
Vous n’avez pas pris ce quiz